[Event "Nanjing New Vigorous op 4th"]
[White "Huang, Renjie"]
[Black "Zuo, Yifan"]
[Site "Nanjing"]
[Round "9"]
[Result "1-0"]
[Date "2024.11.25"]
[WhiteElo "2394"]
[BlackElo "2273"]
[PlyCount "111"]
[EventDate "2024.11.21"]
[EventType "swiss"]
[EventRounds "9"]
[EventCountry "CHN"]
[SourceTitle "CB48_2024"]
[SourceDate "2024.11.28"]
[SourceVersion "1"]
[SourceVersionDate "2024.11.28"]
[SourceQuality "1"]

1. e4 c5 2. Nf3 Nc6 3. Bb5 e6 4. Bxc6 bxc6 5. d3 Ne7 6. Qe2 d6 7. e5 Nf5 8. exd6 Bxd6 9. Nbd2 f6 10. Nc4 Be7 11. g4 Nd4 12. Nxd4 cxd4 13. f4 Qd5 14. Rg1 0-0 15. Bd2 Ba6 16. 0-0-0 Rae8 17. Rde1 Bd8 18. Kb1 e5 19. b3 Qd7 20. Bb4 exf4 21. Qf2 Be7 22. Rxe7 Rxe7 23. Nd2 Rfe8 24. Bxe7 Qxe7 25. Ne4 c5 26. Qxf4 Qe5 27. Qf5 Bc8 28. Qh5 Bb7 29. Nd6 Qxh5 30. gxh5 Re7 31. Rf1 Rd7 32. Nxb7 Rxb7 33. Rf5 Rc7 34. h6 Kf7 35. hxg7 Kxg7 36. Kc1 Kf7 37. Kd2 Ke6 38. Rh5 Kd6 39. Ke2 Kc6 40. Rf5 Rf7 41. Kf3 Kd6 42. h4 Kc6 43. a3 Kd6 44. b4 cxb4 45. axb4 Rc7 46. Rxf6+ Ke5 47. Ra6 Rf7+ 48. Ke2 Rc7 49. Ra5+ Kf4 50. Kd2 Rb7 51. b5 Kg4 52. Ra4 Rd7 53. c4 Kxh4 54. c5 Rd5 55. c6 Rxb5 56. c7 1-0

[Event "CHN-ch Blitz"]
[White "Chu, Wei Chao"]
[Black "Zuo, Yifan"]
[Site "Hohhot"]
[Round "8"]
[Result "1/2-1/2"]
[Date "2024.11.14"]
[WhiteElo "2331"]
[BlackElo "2266"]
[PlyCount "41"]
[EventDate "2024.11.13"]
[EventType "swiss (blitz)"]
[EventRounds "9"]
[EventCountry "CHN"]
[SourceTitle "CB49_2024"]
[SourceDate "2024.12.04"]
[SourceVersion "1"]
[SourceVersionDate "2024.12.04"]
[SourceQuality "1"]

1. d4 Nf6 2. Nf3 e6 3. Bf4 d5 4. e3 c5 5. c3 Nc6 6. Nbd2 Bd6 7. Bg3 0-0 8. Bd3 Qe7 9. Ne5 Nd7 10. Nxd7 Qxd7 11. Bxd6 Qxd6 12. dxc5 Qxc5 13. Bxh7+ Kxh7 14. Qh5+ Kg8 15. Ne4 g6 16. Qg5 Qe7 17. Nf6+ Kg7 18. Nh5+ Kg8 19. Nf6+ Kg7 20. Nh5+ Kg8 21. Nf6+ 1/2-1/2

[Event "CHN-ch Blitz"]
[White "Chen, Peng"]
[Black "Zuo, Yifan"]
[Site "Hohhot"]
[Round "3"]
[Result "1-0"]
[Date "2024.11.13"]
[WhiteElo "2402"]
[BlackElo "2266"]
[PlyCount "105"]
[EventDate "2024.11.13"]
[EventType "swiss (blitz)"]
[EventRounds "9"]
[EventCountry "CHN"]
[SourceTitle "CB49_2024"]
[SourceDate "2024.12.04"]
[SourceVersion "1"]
[SourceVersionDate "2024.12.04"]
[SourceQuality "1"]

1. e4 c5 2. Nf3 d6 3. c3 Nf6 4. h3 Nc6 5. Bd3 e5 6. Bc2 Be7 7. d4 cxd4 8. cxd4 0-0 9. 0-0 Nb4 10. Bb3 Nxe4 11. Qe1 d5 12. Nxe5 Bf6 13. Nc3 Nxc3 14. Qxc3 Qb6 15. Bf4 Be6 16. Rac1 Rfc8 17. Qe3 a5 18. a3 Nc6 19. Ba4 Ne7 20. Bd7 Rd8 21. Bxe6 fxe6 22. Nf3 Nf5 23. Qe2 Rac8 24. Rxc8 Rxc8 25. Be5 Bxe5 26. Qxe5 Rc6 27. Re1 Qc7 28. Qe2 h6 29. Ne5 Rc1 30. Nf3 Rxe1+ 31. Qxe1 Qb6 32. Qc3 Kh7 33. Qc2 Qd6 34. g4 g6 35. gxf5 gxf5 36. Qc5 Qf4 37. Qe7+ Kh8 38. Qe8+ Kh7 39. Qf7+ Kh8 40. Qf6+ Kh7 41. Ne5 Qc1+ 42. Kg2 Qg5+ 43. Qxg5 hxg5 44. Nf7 Kg6 45. Nd6 f4 46. Nxb7 Kf5 47. Nd6+ Kf6 48. b4 axb4 49. axb4 e5 50. dxe5+ Kxe5 51. Nf7+ Kf6 52. Nxg5 Kxg5 53. b5 1-0

[Event "CHN-ch Blitz"]
[White "Li, Shilong"]
[Black "Zuo, Yifan"]
[Site "Hohhot"]
[Round "2"]
[Result "1-0"]
[Date "2024.11.13"]
[WhiteElo "2549"]
[BlackElo "2266"]
[PlyCount "61"]
[EventDate "2024.11.13"]
[EventType "swiss (blitz)"]
[EventRounds "9"]
[EventCountry "CHN"]
[SourceTitle "CB49_2024"]
[SourceDate "2024.12.04"]
[SourceVersion "1"]
[SourceVersionDate "2024.12.04"]
[SourceQuality "1"]

1. e4 c5 2. Nf3 Nc6 3. d4 cxd4 4. Nxd4 Nf6 5. Nc3 g6 6. Be3 Bg7 7. Nb3 0-0 8. Be2 d6 9. Qd2 a5 10. a4 Be6 11. Nd4 Nxd4 12. Bxd4 Nd7 13. Bxg7 Kxg7 14. h4 f6 15. f4 h6 16. 0-0-0 Qb6 17. g4 Bf7 18. g5 hxg5 19. hxg5 Rh8 20. Bb5 Nc5 21. gxf6+ exf6 22. Rhg1 Rad8 23. Nd5 Bxd5 24. Qxd5 Qc7 25. Rxg6+ Kxg6 26. Rg1+ Kh6 27. e5 Nb3+ 28. Qxb3 Qc8 29. e6 Qc5 30. Rh1+ Kg6 31. Qg3+ 1-0

[Event "Shanghai Haiwan Cup"]
[White "Zuo, Yifan"]
[Black "Gu, Xianghan"]
[Site "Shanghai"]
[Round "1.4"]
[Result "1/2-1/2"]
[Date "2024.05.23"]
[WhiteElo "2302"]
[BlackElo "2342"]
[PlyCount "101"]
[EventDate "2024.05.23"]
[EventType "k.o. (rapid)"]
[EventRounds "4"]
[EventCountry "CHN"]
[SourceTitle "CBM 220 Extra"]
[Source "ChessBase"]
[SourceDate "2024.07.31"]
[SourceVersion "1"]
[SourceVersionDate "2024.07.31"]
[SourceQuality "1"]

1. c4 e5 2. Nc3 d6 3. g3 f5 4. d3 Nf6 5. Bg2 Be7 6. e3 0-0 7. Nge2 c6 8. 0-0 a5 9. f4 Kh8 10. h3 Nbd7 11. Kh2 Qc7 12. b3 exf4 13. Nxf4 Nc5 14. Ba3 Bd7 15. Qc2 Rae8 16. e4 fxe4 17. d4 Ne6 18. Nxe6 Bxe6 19. Nxe4 Qd7 20. Rae1 Nxe4 21. Qxe4 Rxf1 22. Bxf1 Bf7 23. Bd3 Bg6 24. Qe6 Qxe6 25. Rxe6 Bf7 26. Re3 g6 27. Kg2 Kg8 28. Be2 Kf8 29. Bg4 a4 30. Rf3 Kg8 31. Re3 Kf8 32. Rf3 Kg8 33. Re3 axb3 34. axb3 Bf8 35. Rxe8 Bxe8 36. Bc8 b6 37. Kf3 Kf7 38. Bc1 d5 39. cxd5 cxd5 40. Bf4 Bc6 41. Bc7 b5 42. Bb6 Bd6 43. h4 Kf6 44. Bd8+ Kf7 45. Bb6 h6 46. Bh3 Kf6 47. Bd8+ Kf7 48. Bb6 h5 49. Bc8 Kf6 50. Bd8+ Kf7 51. Bb6 1/2-1/2

[Event "Heraklion Fischer Memorial 9th"]
[White "Zuo, Yifan"]
[Black "Nyback, Tomi"]
[Site "Heraklion"]
[Round "7"]
[Result "0-1"]
[Date "2023.11.07"]
[WhiteElo "2337"]
[BlackElo "2566"]
[PlyCount "52"]
[EventDate "2023.11.01"]
[EventType "tourn"]
[EventRounds "9"]
[EventCountry "GRE"]
[EventCategory "6"]
[SourceTitle "CBM 217 Extra"]
[Source "ChessBase"]
[SourceDate "2024.01.31"]
[SourceVersion "1"]
[SourceVersionDate "2024.01.31"]
[SourceQuality "1"]

1. d4 Nf6 2. Nf3 g6 3. g3 Bg7 4. Bg2 0-0 5. c4 d5 6. 0-0 Nc6 7. b3 dxc4 8. bxc4 e5 9. d5 Na5 10. Nfd2 e4 11. Bb2 Re8 12. e3 c6 13. dxc6 Nxc6 14. Nb3 Qe7 15. N1d2 Bf5 16. Nd4 Nxd4 17. Bxd4 Rad8 18. Nb3 Ng4 19. Qc2 Bxd4 20. Nxd4 Rxd4 21. exd4 e3 22. Qc1 exf2+ 23. Kh1 Bd3 24. Qf4 Qe1 25. Bd5 Bxf1 26. Bxf7+ Kg7 0-1

[Event "Hvar op"]
[White "Zuo, Yifan"]
[Black "Dzaja, Martin Zorislav"]
[Site "Hvar"]
[Round "8"]
[Result "1-0"]
[Date "2023.10.20"]
[WhiteElo "2322"]
[BlackElo "1957"]
[PlyCount "143"]
[EventDate "2023.10.15"]
[EventType "swiss"]
[EventRounds "9"]
[EventCountry "CRO"]
[SourceTitle "CBM 216 Extra"]
[Source "ChessBase"]
[SourceDate "2023.11.30"]
[SourceVersion "1"]
[SourceVersionDate "2023.11.30"]
[SourceQuality "1"]

1. d4 d5 2. Nf3 Nf6 3. c4 e6 4. g3 h6 5. Bg2 Bd6 6. 0-0 0-0 7. Qc2 b6 8. cxd5 exd5 9. Nc3 Bb7 10. Nb5 Nc6 11. Nxd6 cxd6 12. Bd2 Re8 13. e3 Qd7 14. Rfc1 Rac8 15. Qa4 a6 16. Qb3 Qd8 17. Be1 b5 18. a4 b4 19. Nh4 a5 20. Bxd5 Nxd5 21. Qxd5 Qd7 22. Qf5 Qe7 23. Bd2 g6 24. Qd3 Qe4 25. Qxe4 Rxe4 26. Rc2 Ree8 27. Rac1 Ne7 28. Ng2 Bc6 29. Nf4 Bxa4 30. Rxc8 Rxc8 31. Ra1 Rc2 32. Rxa4 Rxd2 33. Rxa5 Rxb2 34. Rb5 Rb1+ 35. Kg2 b3 36. Ne2 Kg7 37. Nc3 Rb2 38. Kf3 Nc8 39. Rb7 h5 40. Nd5 Rb1 41. Nc3 Rb2 42. h4 d5 43. Nxd5 Nd6 44. Rb4 Nf5 45. Rb6 Nh6 46. Nf6 Rb1 47. Ke2 b2 48. Ne4 Ng4 49. Nd2 Rh1 50. Rxb2 Rh2 51. Ne4 f5 52. Rb7+ Kf8 53. Ng5 Rxf2+ 54. Kd3 Rf1 55. e4 Rd1+ 56. Kc4 fxe4 57. Nxe4 Ne3+ 58. Kc5 Rc1+ 59. Kd6 Nf5+ 60. Ke5 Re1 61. Rb3 Ke7 62. Ra3 Ne3 63. Ra7+ Kf8 64. Ng5 Ng4+ 65. Kd6 Rd1 66. Ne6+ Kg8 67. Rg7+ Kh8 68. Rxg6 Kh7 69. Rg5 Nf6 70. Ke5 Nd7+ 71. Kf5 Rf1+ 72. Nf4 1-0

[Event "Hvar Arsenal blitz op 2nd"]
[White "Gal, Andrej"]
[Black "Zuo, Yifan"]
[Site "Hvar"]
[Round "4"]
[Result "1-0"]
[Date "2023.10.19"]
[WhiteElo "2037"]
[BlackElo "2277"]
[PlyCount "67"]
[EventDate "2023.10.19"]
[EventType "swiss (blitz)"]
[EventRounds "11"]
[EventCountry "CRO"]
[SourceTitle "CBM 216 Extra"]
[Source "ChessBase"]
[SourceDate "2023.11.30"]
[SourceVersion "1"]
[SourceVersionDate "2023.11.30"]
[SourceQuality "1"]

1. d4 Nf6 2. c4 e6 3. Nf3 b6 4. g3 Bb7 5. Bg2 Be7 6. 0-0 0-0 7. d5 exd5 8. Nh4 c6 9. cxd5 Nxd5 10. Nf5 Bf6 11. e4 Ne7 12. Nd6 Ba6 13. Re1 Be5 14. Nc3 Nc8 15. Nf5 g6 16. Nh6+ Kh8 17. h4 Qe7 18. Bg5 f6 19. Be3 c5 20. Ng4 Nc6 21. Nd5 Qd6 22. Nxe5 fxe5 23. h5 Nd4 24. hxg6 Qxg6 25. Bxd4 cxd4 26. Nc7 Bb7 27. Nxa8 Bxa8 28. Rc1 Nd6 29. Qb3 Nxe4 30. Qb5 Bc6 31. Qxe5+ Qf6 32. Rxe4 Bxe4 33. Qxf6+ Rxf6 34. Bxe4 1-0

[Event "Hvar op"]
[White "Kilic, Eray"]
[Black "Zuo, Yifan"]
[Site "Hvar"]
[Round "7"]
[Result "1-0"]
[Date "2023.10.19"]
[WhiteElo "2432"]
[BlackElo "2322"]
[PlyCount "84"]
[EventDate "2023.10.15"]
[EventType "swiss"]
[EventRounds "9"]
[EventCountry "CRO"]
[SourceTitle "CBM 216 Extra"]
[Source "ChessBase"]
[SourceDate "2023.11.30"]
[SourceVersion "1"]
[SourceVersionDate "2023.11.30"]
[SourceQuality "1"]

1. d4 Nf6 2. Nf3 e6 3. Bf4 d5 4. e3 c5 5. c3 Nc6 6. Nbd2 Bd6 7. Bg3 0-0 8. Bd3 Qe7 9. Ne5 Nd7 10. Nxd7 Bxd7 11. Bxd6 Qxd6 12. dxc5 Qxc5 13. Bxh7+ Kxh7 14. Qh5+ Kg8 15. Ne4 Qc4 16. Ng5 Rfd8 17. Qxf7+ Kh8 18. Qh5+ Kg8 19. Qh7+ Kf8 20. Qh8+ Ke7 21. Qxg7+ Kd6 22. Nf7+ Kc7 23. Nxd8 Rxd8 24. b3 Qe4 25. 0-0 Kc8 26. Rad1 Qh4 27. c4 dxc4 28. bxc4 Qxc4 29. Rd2 Be8 30. Rxd8+ Nxd8 31. Qe7 Bc6 32. f3 Qxa2 33. Rd1 Qa5 34. h4 Qc7 35. Qf8 Ba4 36. Rd4 Bd7 37. Kf2 Qc2+ 38. Kg3 Qc7+ 39. f4 Qc3 40. Kh2 e5 41. fxe5 Qc7 42. Rd5 Qc4 1-0

[Event "Hvar Arsenal blitz op 2nd"]
[White "Kostov, Deyan Samuil"]
[Black "Zuo, Yifan"]
[Site "Hvar"]
[Round "8"]
[Result "1-0"]
[Date "2023.10.19"]
[WhiteElo "2055"]
[BlackElo "2277"]
[PlyCount "55"]
[EventDate "2023.10.19"]
[EventType "swiss (blitz)"]
[EventRounds "11"]
[EventCountry "CRO"]
[SourceTitle "CBM 216 Extra"]
[Source "ChessBase"]
[SourceDate "2023.11.30"]
[SourceVersion "1"]
[SourceVersionDate "2023.11.30"]
[SourceQuality "1"]

1. d4 Nf6 2. c4 e6 3. Nc3 Bb4 4. e3 b6 5. Nge2 Bb7 6. a3 Be7 7. d5 0-0 8. Ng3 a5 9. e4 d6 10. Bd3 Na6 11. 0-0 Nc5 12. Bc2 Qd7 13. Be3 exd5 14. exd5 g6 15. b4 axb4 16. axb4 Na6 17. Rb1 Rfe8 18. h3 Bf8 19. Bd4 Bg7 20. Nge4 Nxe4 21. Nxe4 f5 22. Nf6+ Bxf6 23. Bxf6 Nb8 24. Bc3 h6 25. Qd4 Kh7 26. Rfe1 Rf8 27. Re6 Ra2 28. Rbe1 1-0

[Event "Hvar Arsenal blitz op 2nd"]
[White "Zuo, Yifan"]
[Black "Bratovic, Blaz"]
[Site "Hvar"]
[Round "9"]
[Result "1-0"]
[Date "2023.10.19"]
[WhiteElo "2277"]
[BlackElo "2360"]
[PlyCount "131"]
[EventDate "2023.10.19"]
[EventType "swiss (blitz)"]
[EventRounds "11"]
[EventCountry "CRO"]
[SourceTitle "CBM 216 Extra"]
[Source "ChessBase"]
[SourceDate "2023.11.30"]
[SourceVersion "1"]
[SourceVersionDate "2023.11.30"]
[SourceQuality "1"]

1. d4 Nf6 2. c4 g6 3. Nf3 Bg7 4. g3 0-0 5. Bg2 d6 6. 0-0 Nc6 7. Nc3 e5 8. d5 Nb8 9. b3 a5 10. e4 Na6 11. Rb1 Nc5 12. Re1 Bd7 13. Qc2 Nh5 14. Bg5 f6 15. Be3 b6 16. a3 a4 17. b4 Nb3 18. Nd2 Nxd2 19. Qxd2 f5 20. f4 exf4 21. gxf4 Qh4 22. Rf1 Rae8 23. Nb5 Bxb5 24. cxb5 fxe4 25. Rbc1 Rf7 26. Rc4 Nf6 27. h3 Qg3 28. Rfc1 Nxd5 29. Bf2 e3 30. Bxg3 exd2 31. Bxd5 dxc1Q+ 32. Rxc1 Ree7 33. Bh4 Rd7 34. Kg2 Kf8 35. Bxf7 Kxf7 36. Kf3 Bb2 37. Rb1 Bxa3 38. Ke4 d5+ 39. Kd3 d4 40. Bf2 Kf6 41. Bxd4+ Kf5 42. Kc4 Kxf4 43. Bc3 Kg3 44. Ra1 Bxb4 45. Bxb4 Kxh3 46. Rxa4 g5 47. Ra3+ Kh2 48. Bc3 h5 49. Be5+ Kh1 50. Rd3 Rf7 51. Rh3+ Kg2 52. Rxh5 g4 53. Rg5 Kf3 54. Kd5 Rd7+ 55. Kc6 Re7 56. Bxc7 Rf7 57. Kxb6 g3 58. Rxg3+ Ke4 59. Rg6 Kd4 60. Rc6 Kd5 61. Bh2 Rh7 62. Bc7 Rf7 63. Kb7 Rh7 64. b6 Rd7 65. Rc1 Rh7 66. Ka7 1-0

[Event "Moscow Aeroflot op-B 18th"]
[White "Zuo, Yifan"]
[Black "Shubin, Kirill"]
[Site "Moscow"]
[Round "8"]
[Result "0-1"]
[Date "2019.02.26"]
[WhiteElo "2262"]
[BlackElo "2353"]
[PlyCount "100"]
[EventDate "2019.02.20"]
[EventType "swiss"]
[EventRounds "9"]
[EventCountry "RUS"]
[SourceTitle "CBM 189 Extra"]
[Source "ChessBase"]
[SourceDate "2019.05.31"]
[SourceVersion "1"]
[SourceVersionDate "2019.05.31"]
[SourceQuality "1"]

1. d4 e6 2. Nf3 Nf6 3. c4 b6 4. g3 Bb7 5. Bg2 Be7 6. Nc3 Ne4 7. Bd2 Bf6 8. 0-0 0-0 9. Rc1 Nxd2 10. Qxd2 d6 11. Rfd1 Nd7 12. e4 Qe7 13. Qe2 g6 14. Nb5 a6 15. Nc3 Bg7 16. e5 Rfe8 17. b3 Rac8 18. h4 Bxf3 19. Bxf3 dxe5 20. d5 exd5 21. Nxd5 Qf8 22. Ne3 Nc5 23. Bc6 Red8 24. b4 Ne6 25. Nc2 Rd6 26. Bd7 Rd8 27. Bxe6 Rxe6 28. Rxd8 Qxd8 29. Ne3 Rd6 30. c5 bxc5 31. Rxc5 Rd3 32. Qc2 Rd2 33. Qc4 Qf6 34. Qf1 Rxa2 35. Rxc7 h5 36. Rc2 Rxc2 37. Nxc2 Qc6 38. Qe2 Bf8 39. Kh2 f5 40. Qd2 Kh7 41. Ne3 Qf3 42. Kg1 f4 43. Qd7+ Bg7 44. Nf5 gxf5 45. Qxf5+ Kg8 46. Qe6+ Kf8 47. Qc8+ Kf7 48. Qd7+ Kf6 49. Qd8+ Kg6 50. Qg5+ Kf7 0-1